000 00678nam a2200229 a 4500
001 52968
003 BD-RjUL
005 20211209075904.0
008 161001s1929 nyuk b 001 0 eng
035 _a(BD-RjUL)53088
040 _aDLC
_cDLC
_dDLC
_dBD-RjUL
_beng
041 _aeng
082 _223
_a352.367
_bFOG 1929
100 1 _aForbes, Russell,
_d1896-1957.
_9158332
245 1 0 _aGovernmental purchasing /
_cby Russell Forbes.
260 _aNew York :
_bHarper,
_c1929.
300 _axvi, 370 p. :
_bill. ;
_c24 cm.
504 _aIncludes bibliography and index.
650 0 _aGovernment purchasing.
_9158333
650 0 _aOrganizational change
_9159672
942 _2ddc
_cBK
999 _c52968
_d52968